[Event "GER-chT U12"]
[Site "Verden"]
[Date "2014.12.29"]
[Round "6.1"]
[White "Diel, Tom"]
[Black "Kitzig, Tobias"]
[Result "1-0"]
[WhiteElo "1230"]
[BlackElo "1442"]
[PlyCount "43"]
[EventDate "2014.12.27"]
[EventType "team-swiss"]
[EventRounds "7"]
[EventCountry "GER"]
[SourceTitle "EXT 2016"]
[Source "ChessBase"]
[SourceDate "2015.10.08"]
[SourceVersion "1"]
[SourceVersionDate "2015.10.08"]
[SourceQuality "1"]
[WhiteTeam "Lendersdorf"]
[BlackTeam "Gera"]
[WhiteTeamCountry "GER"]
[BlackTeamCountry "GER"]

1. e4 e5 2. Nf3 Nf6 3. Nc3 Nc6 4. Bc4 Bc5 5. d3 0-0 6. Bg5 d6 7. Nd5 h6 8. Nxf6+ gxf6 9. Bxh6 Re8 10. Qd2 a5 11. 0-0-0 a4 12. Rdg1 Na5 13. g4 c6 14. g5 f5 15. g6 Be6 16. gxf7+ Kxf7 17. Rg7+ Kf8 18. Rh7+ Kg8 19. Rc7 Kh8 20. Rg1 Qf6 21. Rgg7 Rad8 22. Ng5 1-0